| 000 | 00480nam a2200181Ia 4500 | ||
|---|---|---|---|
| 003 | GCL | ||
| 008 | 140319s9999 xx 000 0 eng d | ||
| 040 |
_aGCL / _cGCL |
||
| 082 | 0 | 4 |
_aCC _b401.1 _bB A |
| 100 | 1 | _aBUDGE, WALLIS | |
| 245 | 1 | 0 |
_aEGYPTIAN HIEROGLYPHIC DICTIONARY / _cBUDGE, WALLIS |
| 260 |
_a[S.N] : _bDOVER PUBLICATIONS ، _c1978 |
||
| 300 | _a1314 | ||
| 650 | 0 | 4 | _aDICTIONARIES |
| 650 | 0 | 4 | _aHIEROGLYPHIC |
| 650 | 0 | 4 | _aANCIENT EGYPTIAN LANGUAGE |
| 942 |
_2ddc _cBK |
||
| 999 |
_c11240 _d11240 |
||